[Event "Titled Tuesday intern op 25th Jul Late"]
[Site "Chess.com INT"]
[Date "2023.07.25"]
[Round "8"]
[White "Leitao, Rafael Duailibe"]
[Black "Zavgorodniy, Sergiy"]
[Result "1-0"]
[WhiteElo "2592"]
[BlackElo "2416"]
[PlyCount "205"]
[EventDate "2023.07.25"]
[EventType "swiss (blitz)"]
[EventRounds "11"]
[EventCountry "USA"]
[SourceTitle "EXT 2024"]
[Source "ChessBase"]
[SourceDate "2023.10.10"]
[SourceVersion "1"]
[SourceVersionDate "2023.10.10"]
[SourceQuality "1"]

1. c4 c5 2. g3 Nc6 3. Nc3 g6 4. Bg2 Bg7 5. Nf3 e6 6. d4 cxd4 7. Nb5 d5 8. cxd5 exd5 9. Nbxd4 Nge7 10. 0-0 0-0 11. Be3 Nf5 12. Nxf5 Bxf5 13. Nd4 Be4 14. Nxc6 bxc6 15. Bxe4 dxe4 16. Qc2 Qf6 17. Rab1 Rfd8 18. Qxe4 Rd5 19. b3 a5 20. Rbc1 Rad8 21. Rc2 h5 22. h4 Kh7 23. Kg2 R8d6 24. Rfc1 Re6 25. Qf3 Rf5 26. Bf4 Bh6 27. e3 Bxf4 28. exf4 Rd5 29. Rc5 Red6 30. Rxd5 Rxd5 31. Rd1 Rxd1 32. Qxd1 Qb2 33. a4 Qc3 34. Qf3 Qc2 35. f5 c5 36. fxg6+ fxg6 37. Qf7+ Kh6 38. Qc4 Qf5 39. Qc3 Kh7 40. Qxa5 Qd5+ 41. Kh2 Qxb3 42. Qc7+ Kh6 43. a5 c4 44. a6 c3 45. a7 Qa2 46. Qf4+ Kh7 47. Qc7+ Kh6 48. Kg2 c2 49. Qf4+ Kh7 50. Qc7+ Kh6 51. Qxc2 Qxc2 52. a8Q Kh7 53. Qb7+ Kh6 54. Qf3 Kg7 55. Qe3 Qc6+ 56. Qf3 Qc2 57. Kh2 Qd2 58. Qe3 Qc2 59. Qd4+ Kf7 60. Kg2 Qc6+ 61. Kf1 Qc1+ 62. Ke2 Qc2+ 63. Ke3 Qc1+ 64. Ke4 Qc2+ 65. Kd5 Qf5+ 66. Kc6 Qc8+ 67. Kb5 Qb7+ 68. Kc4 Qc6+ 69. Kd3 Qf3+ 70. Qe3 Qd1+ 71. Qd2 Qb1+ 72. Ke3 Qb6+ 73. Qd4 Qb3+ 74. Kf4 Qc2 75. Qd5+ Kf6 76. Qd6+ Kf7 77. Kg5 Qc1+ 78. Qf4+ Qxf4+ 79. gxf4 Kg7 80. f5 gxf5 81. Kxf5 Kh6 82. Kf6 Kh7 83. Kg5 Kg7 84. Kxh5 Kf6 85. Kh6 Kf5 86. h5 Kf6 87. f4 Kf5 88. Kg7 Kxf4 89. h6 Kg5 90. h7 Kf4 91. h8Q Ke4 92. Qh6 Kd5 93. Qf6 Ke4 94. Kg6 Kd5 95. Qf4 Ke6 96. Qe4+ Kd6 97. Kf6 Kc5 98. Ke5 Kb6 99. Qc4 Ka5 100. Qb3 Ka6 101. Kd5 Ka7 102. Kc6 Ka8 103. Qb7# 1-0

[Event "Titled Tuesday intern op 25th Jul Late"]
[Site "Chess.com INT"]
[Date "2023.07.25"]
[Round "9"]
[White "Manukyan, Sargis A"]
[Black "Leitao, Rafael Duailibe"]
[Result "0-1"]
[WhiteElo "2201"]
[BlackElo "2592"]
[PlyCount "86"]
[EventDate "2023.07.25"]
[EventType "swiss (blitz)"]
[EventRounds "11"]
[EventCountry "USA"]
[SourceTitle "EXT 2024"]
[Source "ChessBase"]
[SourceDate "2023.10.10"]
[SourceVersion "1"]
[SourceVersionDate "2023.10.10"]
[SourceQuality "1"]

1. d4 Nf6 2. c4 g6 3. Nc3 Bg7 4. Nf3 d6 5. h3 0-0 6. Bf4 Nbd7 7. e3 e6 8. Be2 Qe7 9. 0-0 b6 10. Qc2 Bb7 11. Bh2 Rfd8 12. b4 c5 13. bxc5 dxc5 14. Nb5 Ne8 15. Rad1 cxd4 16. exd4 a6 17. Nc3 Rac8 18. Qb3 e5 19. d5 Nd6 20. Na4 Nc5 21. Nxc5 bxc5 22. Rfe1 e4 23. Bf1 f5 24. Nd2 Bd4 25. Rb1 Ba8 26. Qc2 Rf8 27. Nb3 Be5 28. f4 Bf6 29. Kh1 g5 30. fxg5 Bxg5 31. Be2 f4 32. Bg4 Rce8 33. Nxc5 e3 34. Be6+ Kh8 35. Nd7 f3 36. gxf3 Rxf3 37. Rf1 Rxf1+ 38. Rxf1 Qxe6 39. Nc5 Bxd5+ 40. cxd5 Qxd5+ 41. Kg1 e2 42. Nd7 Be3+ 43. Rf2 e1Q# 0-1

[Event "Titled Tuesday intern op 11th Jul Late"]
[Site "Chess.com INT"]
[Date "2023.07.11"]
[Round "4"]
[White "Leitao, Rafael Duailibe"]
[Black "Deac, Bogdan Daniel"]
[Result "0-1"]
[WhiteElo "2592"]
[BlackElo "2693"]
[PlyCount "96"]
[EventDate "2023.07.11"]
[EventType "swiss (blitz)"]
[EventRounds "11"]
[EventCountry "USA"]
[SourceTitle "EXT 2024"]
[Source "ChessBase"]
[SourceDate "2023.10.10"]
[SourceVersion "1"]
[SourceVersionDate "2023.10.10"]
[SourceQuality "1"]

1. c4 e6 2. g3 d5 3. Bg2 Nf6 4. Nf3 Be7 5. 0-0 0-0 6. b3 a5 7. Ba3 a4 8. Bxe7 Qxe7 9. Nc3 axb3 10. axb3 Rxa1 11. Qxa1 c6 12. d4 Nbd7 13. Rc1 Re8 14. e3 h6 15. Qa7 Qb4 16. Qa4 Qxa4 17. Nxa4 Ne4 18. Nb2 f6 19. Nd3 Kf7 20. Bf1 g5 21. h3 h5 22. Be2 Ke7 23. h4 g4 24. Nfe1 e5 25. cxd5 cxd5 26. Nb4 Kd6 27. dxe5+ fxe5 28. Rd1 Nb6 29. Ned3 Nc3 30. Rd2 Nxe2+ 31. Rxe2 Bf5 32. Rc2 Ra8 33. Kf1 Ra3 34. Rb2 Nd7 35. Ke2 Nf6 36. Nc2 Ra8 37. Ndb4 Ne4 38. Ne1 Nc3+ 39. Kd2 Ne4+ 40. Ke2 Ra1 41. Nbc2 Rc1 42. Nd3 Rh1 43. Nce1 Nc3+ 44. Kd2 Ne4+ 45. Ke2 b6 46. b4 Bd7 47. b5 Bxb5 48. Rb3 Kc7 0-1

[Event "Titled Tuesday intern op 11th Jul Late"]
[Site "Chess.com INT"]
[Date "2023.07.11"]
[Round "6"]
[White "Leitao, Rafael Duailibe"]
[Black "Ismagilov, Damir"]
[Result "1/2-1/2"]
[WhiteElo "2592"]
[BlackElo "2144"]
[PlyCount "80"]
[EventDate "2023.07.11"]
[EventType "swiss (blitz)"]
[EventRounds "11"]
[EventCountry "USA"]
[SourceTitle "EXT 2024"]
[Source "ChessBase"]
[SourceDate "2023.10.10"]
[SourceVersion "1"]
[SourceVersionDate "2023.10.10"]
[SourceQuality "1"]

1. e4 c5 2. Nf3 g6 3. d4 cxd4 4. Nxd4 Bg7 5. c4 Nc6 6. Be3 Nf6 7. Nc3 Ng4 8. Qxg4 Nxd4 9. Qd1 Ne6 10. Qd2 d6 11. Be2 0-0 12. 0-0 a5 13. b3 Nc5 14. Rac1 b6 15. f3 Bd7 16. Rfd1 Bc6 17. Bf1 Ra7 18. Nb5 Bxb5 19. cxb5 Rc7 20. Bc4 Qd7 21. Qe2 Rfc8 22. Bd5 Rb8 23. Bc6 Qd8 24. Qf2 Rcc8 25. Rc2 Rc7 26. Rb1 Rcc8 27. a3 h5 28. b4 axb4 29. axb4 Ne6 30. Rbc1 Rc7 31. Kh1 Ra7 32. Bd5 Kh7 33. Rc6 Ra3 34. Bxb6 Qh8 35. Bxe6 fxe6 36. h3 Be5 37. Qh4 Bf6 38. Qf2 Be5 39. Qh4 Bf6 40. Qf2 Be5 1/2-1/2

[Event "Titled Tuesday intern op 11th Jul Late"]
[Site "Chess.com INT"]
[Date "2023.07.11"]
[Round "9"]
[White "Leitao, Rafael Duailibe"]
[Black "Keymer, Vincent"]
[Result "1-0"]
[WhiteElo "2592"]
[BlackElo "2690"]
[PlyCount "49"]
[EventDate "2023.07.11"]
[EventType "swiss (blitz)"]
[EventRounds "11"]
[EventCountry "USA"]
[SourceTitle "EXT 2024"]
[Source "ChessBase"]
[SourceDate "2023.10.10"]
[SourceVersion "1"]
[SourceVersionDate "2023.10.10"]
[SourceQuality "1"]

1. c4 Nf6 2. Nc3 e5 3. Nf3 Nc6 4. e4 Bb4 5. d3 d6 6. a3 Bxc3+ 7. bxc3 Nd7 8. g3 Nc5 9. Nh4 Qf6 10. Bg2 g5 11. Nf3 h6 12. 0-0 Bg4 13. h3 Bd7 14. d4 Nxe4 15. Nxe5 Nxc3 16. Nxd7 Kxd7 17. Qg4+ Kd8 18. Bd2 Qxd4 19. Bxc3 Qxc3 20. Rab1 Rc8 21. Rfd1 Ne5 22. Qf5 Qxc4 23. Qxe5 Re8 24. Qf6+ Re7 25. Re1 1-0

[Event "Titled Tuesday intern op 11th Jul Late"]
[Site "Chess.com INT"]
[Date "2023.07.11"]
[Round "1"]
[White "Martin Barcelo, Carles"]
[Black "Leitao, Rafael Duailibe"]
[Result "1/2-1/2"]
[WhiteElo "2221"]
[BlackElo "2592"]
[PlyCount "80"]
[EventDate "2023.07.11"]
[EventType "swiss (blitz)"]
[EventRounds "11"]
[EventCountry "USA"]
[SourceTitle "EXT 2024"]
[Source "ChessBase"]
[SourceDate "2023.10.10"]
[SourceVersion "1"]
[SourceVersionDate "2023.10.10"]
[SourceQuality "1"]

1. e4 e5 2. Nf3 Nc6 3. Nc3 Nf6 4. h3 g6 5. Bc4 Bg7 6. d3 d6 7. 0-0 0-0 8. Re1 Be6 9. Be3 Qd7 10. Bxe6 fxe6 11. d4 exd4 12. Nxd4 Nxd4 13. Bxd4 e5 14. Be3 Rf7 15. Bg5 Raf8 16. Bxf6 Bxf6 17. Qg4 Qxg4 18. hxg4 Bd8 19. Re2 c6 20. a4 Bb6 21. Nd1 Rf4 22. a5 Bc5 23. c3 a6 24. b4 Ba7 25. g3 Rxg4 26. Kg2 Rg5 27. Ne3 Bxe3 28. Rxe3 Kf7 29. Rd1 Ke7 30. Red3 Rd8 31. c4 Ke6 32. f3 Rh5 33. b5 cxb5 34. cxb5 axb5 35. Rb1 Rc8 36. Rd2 Rc5 37. Rbd1 Rc6 38. Rb1 Rc5 39. Rbd1 Rc6 40. Rb1 Rc5 1/2-1/2

[Event "Titled Tuesday intern op 11th Jul Late"]
[Site "Chess.com INT"]
[Date "2023.07.11"]
[Round "5"]
[White "Pinero Rodriguez, Carlos Jose"]
[Black "Leitao, Rafael Duailibe"]
[Result "0-1"]
[WhiteElo "2246"]
[BlackElo "2592"]
[PlyCount "134"]
[EventDate "2023.07.11"]
[EventType "swiss (blitz)"]
[EventRounds "11"]
[EventCountry "USA"]
[SourceTitle "EXT 2024"]
[Source "ChessBase"]
[SourceDate "2023.10.10"]
[SourceVersion "1"]
[SourceVersionDate "2023.10.10"]
[SourceQuality "1"]

1. b3 Nf6 2. Bb2 g6 3. Bxf6 exf6 4. d4 d5 5. e3 f5 6. g3 c6 7. h4 h5 8. Bg2 Nd7 9. Ne2 Nf6 10. Nd2 Bd6 11. c4 Be6 12. cxd5 Bxd5 13. Bxd5 Nxd5 14. Nf3 Bb4+ 15. Kf1 0-0 16. a3 Bd6 17. Qd3 Qe7 18. a4 Nb4 19. Qb1 c5 20. Kg2 Rac8 21. Rd1 c4 22. bxc4 Rxc4 23. Qb3 Rfc8 24. Rac1 Qc7 25. Qb1 Qa5 26. Qb3 Qa6 27. Rxc4 Rxc4 28. Nc3 Qc6 29. Nb5 Rc2 30. Nxd6 Qxd6 31. Rd2 Rxd2 32. Nxd2 b6 33. Qc4 Qd5+ 34. Qxd5 Nxd5 35. Nc4 Kf8 36. Kf1 Ke7 37. Ke1 Nc3 38. a5 bxa5 39. Nxa5 Kd6 40. f3 Kd5 41. Kd2 Nb5 42. Kd3 Nd6 43. Nb3 Kc6 44. e4 fxe4+ 45. fxe4 Kb5 46. e5 Nf5 47. d5 Nxg3 48. Nd4+ Kb6 49. e6 fxe6 50. dxe6 Kc7 51. Kc4 Kd6 52. Kd3 Nf5 53. Nb5+ Kxe6 54. Nxa7 Nxh4 55. Ke4 Kf6 56. Kf4 Nf5 57. Nc6 g5+ 58. Kf3 Ke6 59. Nd8+ Ke5 60. Nf7+ Kf6 61. Nd8 Nd4+ 62. Kg3 Ne6 63. Nc6 Kf5 64. Ne7+ Kf6 65. Nc6 Ng7 66. Nd4 Nf5+ 67. Nxf5 Kxf5 0-1

[Event "Titled Tuesday intern op 04th Jul Late"]
[Site "Chess.com INT"]
[Date "2023.07.04"]
[Round "4"]
[White "Leitao, Rafael Duailibe"]
[Black "Erigaisi, Arjun Kumar"]
[Result "0-1"]
[WhiteElo "2592"]
[BlackElo "2710"]
[PlyCount "94"]
[EventDate "2023.07.04"]
[EventType "swiss (blitz)"]
[EventRounds "11"]
[EventCountry "USA"]
[SourceTitle "EXT 2024"]
[Source "ChessBase"]
[SourceDate "2023.10.10"]
[SourceVersion "1"]
[SourceVersionDate "2023.10.10"]
[SourceQuality "1"]

1. c4 b6 2. d4 Bb7 3. Nc3 e6 4. a3 Nf6 5. d5 Bd6 6. Nf3 0-0 7. g3 Na6 8. Bg2 Nc5 9. b4 Nce4 10. Nxe4 Nxe4 11. Bb2 exd5 12. cxd5 a5 13. 0-0 Re8 14. Qb3 Nf6 15. Nd4 Be5 16. d6 Bxg2 17. dxc7 Qxc7 18. Kxg2 d5 19. Rac1 Qd7 20. Rfd1 h5 21. h4 Qg4 22. Qf3 axb4 23. axb4 Ra2 24. Qxg4 hxg4 25. Rc2 Ne4 26. Rdc1 Nd6 27. Bc3 Rxc2 28. Rxc2 Nc4 29. e3 Bxd4 30. Bxd4 Ra8 31. e4 Rc8 32. Re2 Re8 33. e5 f6 34. e6 Kf8 35. f3 gxf3+ 36. Kxf3 Ke7 37. Kg4 g6 38. h5 gxh5+ 39. Kxh5 Rg8 40. g4 Rg5+ 41. Kh4 Ne5 42. Bxe5 Rxe5 43. Rc2 Rxe6 44. b5 d4 45. Kg3 Kd6 46. Kf4 Kd5 47. Kf5 Rd6 0-1

[Event "Titled Tuesday intern op 27th Jun Late"]
[Site "Chess.com INT"]
[Date "2023.06.27"]
[Round "1"]
[White "Hernandez Jimenez, Jeronimo"]
[Black "Leitao, Rafael Duailibe"]
[Result "0-1"]
[WhiteElo "2151"]
[BlackElo "2592"]
[PlyCount "70"]
[EventDate "2023.06.27"]
[EventType "swiss (blitz)"]
[EventRounds "11"]
[EventCountry "USA"]
[SourceTitle "EXT 2024"]
[Source "ChessBase"]
[SourceDate "2023.10.10"]
[SourceVersion "1"]
[SourceVersionDate "2023.10.10"]
[SourceQuality "1"]

1. e4 e5 2. Nf3 Nc6 3. Bc4 Nf6 4. d3 Be7 5. 0-0 0-0 6. c3 d6 7. h3 h6 8. Nbd2 Be6 9. Re1 Qd7 10. d4 exd4 11. cxd4 d5 12. exd5 Bxd5 13. Ne5 Qd6 14. Ndf3 Rad8 15. Bxd5 Nxd5 16. Be3 Bf6 17. Ng4 Rfe8 18. Qb3 Nb6 19. Rad1 Na5 20. Qc2 Nc6 21. Qb3 Qe6 22. Bxh6 Qxb3 23. Nxf6+ gxf6 24. axb3 Rxe1+ 25. Rxe1 Nxd4 26. Nxd4 Rxd4 27. Re8+ Kh7 28. Be3 Rb4 29. Re7 Nd5 30. Rxf7+ Kg6 31. Rd7 c6 32. Bd4 Rxb3 33. g4 Rxh3 34. Kg2 Rd3 35. Bxa7 Nf4+ 0-1

[Event "Titled Tuesday intern op 27th Jun Late"]
[Site "Chess.com INT"]
[Date "2023.06.27"]
[Round "2"]
[White "Leitao, Rafael Duailibe"]
[Black "Bayramov, Zaur"]
[Result "1-0"]
[WhiteElo "2592"]
[BlackElo "2260"]
[PlyCount "137"]
[EventDate "2023.06.27"]
[EventType "swiss (blitz)"]
[EventRounds "11"]
[EventCountry "USA"]
[SourceTitle "EXT 2024"]
[Source "ChessBase"]
[SourceDate "2023.10.10"]
[SourceVersion "1"]
[SourceVersionDate "2023.10.10"]
[SourceQuality "1"]

1. c4 Nf6 2. Nc3 g6 3. g3 Bg7 4. Bg2 0-0 5. d4 d6 6. h3 Nc6 7. Nf3 e5 8. Be3 Re8 9. dxe5 Nxe5 10. Nxe5 Rxe5 11. Bd4 Re8 12. 0-0 a6 13. Rc1 Rb8 14. b3 c5 15. Bxf6 Bxf6 16. Nd5 Bg7 17. Qd2 b5 18. Rfd1 bxc4 19. Rxc4 Bd7 20. e3 Bb5 21. Rc2 Bc6 22. Nf6+ Qxf6 23. Bxc6 Red8 24. Bd5 h5 25. Rc4 Qe7 26. Rf4 Rf8 27. Qd3 Kh7 28. Qxa6 Qd7 29. Qd3 Be5 30. Rh4 Kh6 31. Qe2 Bf6 32. Rf4 Be5 33. Rf3 Qxh3 34. Bxf7 Kg7 35. Bc4 h4 36. Rxf8 Rxf8 37. Bd5 hxg3 38. f4 Bf6 39. Qg2 Qh4 40. Qh1 Qxh1+ 41. Kxh1 Rh8+ 42. Kg2 Rh2+ 43. Kxg3 Rxa2 44. Bc4 Be7 45. Kf3 Ra7 46. Rg1 Kf6 47. Bd3 Ra3 48. Rxg6+ Kf7 49. Rg2 d5 50. Bc2 Bf6 51. e4 dxe4+ 52. Kxe4 Ra2 53. Kf3 Kf8 54. Re2 Bd4 55. Ke4 Rb2 56. Kd5 Kg7 57. Kc4 Kf6 58. Rg2 Be3 59. f5 Bd4 60. Rg6+ Kf7 61. Be4 Re2 62. Bd5+ Kf8 63. f6 Rc2+ 64. Kb5 Bxf6 65. Rxf6+ Ke7 66. Rf4 Kd6 67. Bc4 Rd2 68. Rf6+ Kc7 69. Kxc5 1-0

[Event "Titled Tuesday intern op 27th Jun Late"]
[Site "Chess.com INT"]
[Date "2023.06.27"]
[Round "10"]
[White "Leitao, Rafael Duailibe"]
[Black "Chigaev, Maksim"]
[Result "0-1"]
[WhiteElo "2592"]
[BlackElo "2617"]
[PlyCount "40"]
[EventDate "2023.06.27"]
[EventType "swiss (blitz)"]
[EventRounds "11"]
[EventCountry "USA"]
[SourceTitle "EXT 2024"]
[Source "ChessBase"]
[SourceDate "2023.10.10"]
[SourceVersion "1"]
[SourceVersionDate "2023.10.10"]
[SourceQuality "1"]

1. c4 e5 2. Nc3 Nf6 3. Nf3 e4 4. Ng5 c6 5. Ngxe4 Nxe4 6. Nxe4 d5 7. cxd5 cxd5 8. Ng3 h5 9. e3 h4 10. Ne2 Nc6 11. d4 Qf6 12. Nc3 Qg6 13. Bd2 Bd6 14. a3 Bf5 15. h3 0-0 16. Be2 Rfe8 17. Bh5 Qxg2 18. Bf3 Qg6 19. Qa4 Bc2 20. b3 a6 0-1

[Event "Titled Tuesday intern op 27th Jun Late"]
[Site "Chess.com INT"]
[Date "2023.06.27"]
[Round "4"]
[White "Leitao, Rafael Duailibe"]
[Black "Grischuk, Alexander"]
[Result "1/2-1/2"]
[WhiteElo "2592"]
[BlackElo "2736"]
[PlyCount "97"]
[EventDate "2023.06.27"]
[EventType "swiss (blitz)"]
[EventRounds "11"]
[EventCountry "USA"]
[SourceTitle "EXT 2024"]
[Source "ChessBase"]
[SourceDate "2023.10.10"]
[SourceVersion "1"]
[SourceVersionDate "2023.10.10"]
[SourceQuality "1"]

1. c4 g6 2. g3 Bg7 3. Bg2 c5 4. Nc3 Nc6 5. d3 e6 6. Nf3 Nge7 7. h4 h6 8. Bd2 b6 9. a3 Bb7 10. Rb1 d6 11. b4 Qd7 12. 0-0 Rd8 13. Qc1 Nf5 14. Re1 Ncd4 15. Nxd4 Nxd4 16. Bxb7 Qxb7 17. Nb5 Nxb5 18. cxb5 g5 19. h5 0-0 20. Bc3 e5 21. bxc5 dxc5 22. Qe3 f5 23. Bxe5 Rfe8 24. d4 Qd5 25. Qb3 Qxb3 26. Rxb3 Bxe5 27. dxe5 Rxe5 28. Rb2 Rd4 29. e3 Kf7 30. Ra1 Rd6 31. Rc2 f4 32. exf4 gxf4 33. g4 Kf6 34. Kg2 Kg5 35. f3 Rd3 36. a4 Ree3 37. Rf1 Rd4 38. a5 Rb3 39. axb6 axb6 40. Re2 Rxb5 41. Re5+ Kf6 42. Rfe1 Rb2+ 43. Kh3 Rd6 44. Rf5+ Kg7 45. Re7+ Kg8 46. Re8+ Kg7 47. Re7+ Kg8 48. Re8+ Kg7 49. Re7+ 1/2-1/2

[Event "Titled Tuesday intern op 27th Jun Late"]
[Site "Chess.com INT"]
[Date "2023.06.27"]
[Round "11"]
[White "Sahakyan, Aleks"]
[Black "Leitao, Rafael Duailibe"]
[Result "1-0"]
[WhiteElo "2277"]
[BlackElo "2592"]
[PlyCount "81"]
[EventDate "2023.06.27"]
[EventType "swiss (blitz)"]
[EventRounds "11"]
[EventCountry "USA"]
[SourceTitle "EXT 2024"]
[Source "ChessBase"]
[SourceDate "2023.10.10"]
[SourceVersion "1"]
[SourceVersionDate "2023.10.10"]
[SourceQuality "1"]

1. d4 Nf6 2. c4 g6 3. Nc3 Bg7 4. e4 d6 5. f4 c5 6. d5 0-0 7. Nf3 e6 8. Be2 exd5 9. cxd5 Bg4 10. 0-0 Nbd7 11. h3 Bxf3 12. Bxf3 a6 13. g4 b5 14. g5 Ne8 15. h4 c4 16. h5 Nc5 17. hxg6 fxg6 18. Be3 Nd3 19. Bg4 Nc7 20. Qd2 b4 21. Ne2 Qe7 22. Ng3 Bxb2 23. Rab1 Bc3 24. Qh2 Qg7 25. e5 dxe5 26. f5 Nxd5 27. f6 Qf7 28. Qh3 Rfe8 29. Nf5 gxf5 30. Bh5 Qb7 31. f7+ Kh8 32. Bg6 Qxf7 33. Bxf7 Nxe3 34. g6 Kg7 35. Qxh7+ Kf6 36. Qh4+ Kg7 37. Qh7+ Kf6 38. g7 Nf4 39. Rxf4 exf4 40. Qg6+ Ke5 41. Bxe8 1-0

[Event "Titled Tuesday intern op 20th Jun Late"]
[Site "Chess.com INT"]
[Date "2023.06.20"]
[Round "4"]
[White "Leitao, Rafael Duailibe"]
[Black "Dilmukhametov, Artur"]
[Result "1-0"]
[WhiteElo "2592"]
[BlackElo "2276"]
[PlyCount "59"]
[EventDate "2023.06.20"]
[EventType "swiss (blitz)"]
[EventRounds "11"]
[EventCountry "USA"]
[SourceTitle "EXT 2024"]
[Source "ChessBase"]
[SourceDate "2023.10.10"]
[SourceVersion "1"]
[SourceVersionDate "2023.10.10"]
[SourceQuality "1"]

1. c4 c6 2. g3 d5 3. Nf3 Nf6 4. Bg2 dxc4 5. 0-0 b5 6. a4 a6 7. Ne5 Bb7 8. axb5 axb5 9. Rxa8 Bxa8 10. b3 cxb3 11. Qxb3 e6 12. Qa2 Bb7 13. Qa7 Qc7 14. d4 Bd6 15. Nc3 0-0 16. Nxb5 cxb5 17. Qxb7 Bxe5 18. dxe5 Qxb7 19. Bxb7 Nd5 20. Bxd5 exd5 21. Ba3 Re8 22. Rb1 Nc6 23. Rxb5 Rxe5 24. Rc5 Re6 25. e3 Rd6 26. Rc2 Re6 27. Rd2 Re5 28. Bd6 Rf5 29. Rc2 Na7 30. Ra2 1-0

[Event "Titled Tuesday intern op 20th Jun Late"]
[Site "Chess.com INT"]
[Date "2023.06.20"]
[Round "11"]
[White "Piesik, Piotr"]
[Black "Leitao, Rafael Duailibe"]
[Result "0-1"]
[WhiteElo "2426"]
[BlackElo "2592"]
[PlyCount "114"]
[EventDate "2023.06.20"]
[EventType "swiss (blitz)"]
[EventRounds "11"]
[EventCountry "USA"]
[SourceTitle "EXT 2024"]
[Source "ChessBase"]
[SourceDate "2023.10.10"]
[SourceVersion "1"]
[SourceVersionDate "2023.10.10"]
[SourceQuality "1"]

1. Nf3 Nf6 2. g3 g6 3. Bg2 Bg7 4. 0-0 0-0 5. d4 d6 6. Nbd2 c6 7. e4 Nbd7 8. Qe2 e5 9. dxe5 dxe5 10. a4 Qc7 11. b3 Re8 12. Bb2 Nc5 13. Rfd1 a5 14. Ne1 b6 15. f3 Ba6 16. Qf2 Rad8 17. Bf1 Bxf1 18. Qxf1 Ne6 19. c3 Nc5 20. Ba3 Bf8 21. Kg2 Nxb3 22. Nxb3 Rxd1 23. Rxd1 Bxa3 24. Nc2 Bf8 25. Ne3 Rd8 26. Nc4 Rxd1 27. Qxd1 b5 28. axb5 cxb5 29. Ncxa5 Qxc3 30. Qd2 Qxd2+ 31. Nxd2 Bb4 32. Ndb3 Bxa5 33. Nxa5 Nd7 34. Kf2 f5 35. exf5 gxf5 36. Ke3 Kf7 37. f4 Ke6 38. fxe5 Nxe5 39. Kd4 Nf3+ 40. Kc5 Nxh2 41. Kxb5 Nf1 42. Kc4 Nxg3 43. Kd3 f4 44. Nc6 Kf5 45. Kd2 Kg4 46. Ke1 Kf3 47. Ne5+ Kg2 48. Ng4 f3 49. Ne3+ Kg1 50. Ng4 h5 51. Nf2 Kg2 52. Nd3 Ne2 53. Nf2 h4 54. Ng4 h3 55. Ne3+ Kg1 56. Ng4 Nf4 57. Nf2 Ng2+ 0-1

[Event "Titled Tuesday intern op 25th Apr Late"]
[Site "Chess.com INT"]
[Date "2023.04.25"]
[Round "10"]
[White "Leitao, Rafael Duailibe"]
[Black "Ismagilov, Damir"]
[Result "1/2-1/2"]
[WhiteElo "2592"]
[BlackElo "2156"]
[PlyCount "141"]
[EventDate "2023.04.25"]
[EventType "swiss (blitz)"]
[EventRounds "11"]
[EventCountry "USA"]
[SourceTitle "EXT 2024"]
[Source "ChessBase"]
[SourceDate "2023.10.10"]
[SourceVersion "1"]
[SourceVersionDate "2023.10.10"]
[SourceQuality "1"]

1. c4 e6 2. g3 Nf6 3. Bg2 d5 4. Nf3 dxc4 5. Qa4+ Nbd7 6. Qxc4 a6 7. Qc2 Be7 8. 0-0 0-0 9. d4 Rb8 10. Bf4 Nd5 11. Nc3 Nxf4 12. gxf4 c5 13. d5 exd5 14. Nxd5 Nf6 15. Nxe7+ Qxe7 16. Rac1 b6 17. Ne5 Bb7 18. e3 Bxg2 19. Kxg2 Rbd8 20. Rfd1 Qe6 21. Qb3 Nd5 22. h3 f6 23. Nf3 c4 24. Qa3 b5 25. Qc5 Qf5 26. Kh2 Qh5 27. Nd4 Qh4 28. Kg1 Qxh3 29. Ne2 Qg4+ 30. Ng3 Nxf4 31. Rxd8 Nh3+ 32. Kg2 Rxd8 33. Qf5 Qxf5 34. Nxf5 Ng5 35. Nd4 Kf7 36. a4 Ne6 37. Nc6 Rc8 38. axb5 axb5 39. Na7 Rc5 40. b4 cxb3 41. Rb1 Rg5+ 42. Kf1 h5 43. Rxb3 h4 44. Rxb5 Rxb5 45. Nxb5 g5 46. f3 Kg6 47. Kg2 Ng7 48. Nd4 Nf5 49. Nc2 Nd6 50. e4 Nf7 51. Ne3 Ne5 52. Nf5 Nd3 53. Ne7+ Kf7 54. Nf5 Nf4+ 55. Kf2 Ke6 56. Nd4+ Ke5 57. Nf5 Ne6 58. Kg2 Nd4 59. Ne3 Ne6 60. Ng4+ Kf4 61. Nxf6 h3+ 62. Kxh3 Kxf3 63. Kh2 Nd4 64. e5 Nf5 65. e6 Ne7 66. Kh3 Ng6 67. Kh2 Kf4 68. Kg2 Kf5 69. Nh7 g4 70. Kg3 Kxe6 71. Kxg4 1/2-1/2

[Event "Titled Tuesday intern op 25th Apr Late"]
[Site "Chess.com INT"]
[Date "2023.04.25"]
[Round "8"]
[White "Leitao, Rafael Duailibe"]
[Black "Karamsetty, Jeevan"]
[Result "1-0"]
[WhiteElo "2592"]
[BlackElo "2138"]
[PlyCount "121"]
[EventDate "2023.04.25"]
[EventType "swiss (blitz)"]
[EventRounds "11"]
[EventCountry "USA"]
[SourceTitle "EXT 2024"]
[Source "ChessBase"]
[SourceDate "2023.10.10"]
[SourceVersion "1"]
[SourceVersionDate "2023.10.10"]
[SourceQuality "1"]

1. c4 g6 2. g3 Bg7 3. Bg2 d6 4. Nc3 Nf6 5. Nf3 0-0 6. 0-0 c6 7. d4 Bf5 8. Nh4 Be6 9. Qd3 d5 10. b3 Na6 11. cxd5 Nb4 12. Qd2 Nfxd5 13. Nxd5 Nxd5 14. Bb2 Nb6 15. Rad1 Qd7 16. e4 Rad8 17. Qa5 Nc8 18. Nf3 Bh3 19. Rfe1 Bxg2 20. Kxg2 b6 21. Qg5 h6 22. Qf4 f5 23. Ne5 Qe6 24. d5 cxd5 25. exd5 Rxd5 26. Qc4 Rd6 27. Rxd6 Qxc4 28. Nxc4 Nxd6 29. Bxg7 Kxg7 30. Rxe7+ Rf7 31. Rxf7+ Nxf7 32. Kf3 Kf6 33. Ke3 Ne5 34. Nd6 Ng4+ 35. Ke2 Nxh2 36. Nc8 Ke6 37. Nxa7 Kd6 38. Nc8+ Kc7 39. Ne7 g5 40. Nxf5 Ng4 41. f3 Ne5 42. Nxh6 Nc6 43. Nf7 Nb4 44. a3 Nd5 45. Nxg5 Kd6 46. Ne4+ Ke5 47. Kd3 Ne7 48. Kc4 Nf5 49. Kb5 Nd4+ 50. Kxb6 Nxf3 51. Nc5 Nd4 52. a4 Kd5 53. a5 Kd6 54. a6 Nc6 55. a7 Nxa7 56. Kxa7 Kxc5 57. g4 Kb4 58. g5 Kxb3 59. g6 Kc4 60. g7 Kd5 61. g8Q+ 1-0

[Event "Titled Tuesday intern op 17th Jan Late"]
[Site "Chess.com INT"]
[Date "2023.01.17"]
[Round "2"]
[White "Leitao, Rafael Duailibe"]
[Black "Kaplan, Avi Harrison"]
[Result "1-0"]
[WhiteElo "2592"]
[BlackElo "2083"]
[PlyCount "63"]
[EventDate "2023.01.17"]
[EventType "swiss (blitz)"]
[EventRounds "11"]
[EventCountry "USA"]
[SourceTitle "CBM 212 Extra"]
[Source "ChessBase"]
[SourceDate "2023.03.31"]
[SourceVersion "1"]
[SourceVersionDate "2023.03.31"]
[SourceQuality "1"]

1. c4 c5 2. Nc3 Nc6 3. g3 d6 4. Bg2 e5 5. d3 f5 6. Nf3 Be7 7. a3 h6 8. b4 Nf6 9. bxc5 dxc5 10. Rb1 0-0 11. 0-0 Qc7 12. Nd5 Nxd5 13. cxd5 Nd4 14. Nd2 a6 15. a4 f4 16. e3 Nf5 17. Nc4 Bd7 18. exf4 b5 19. Nxe5 bxa4 20. Re1 Bd6 21. Bh3 Rab8 22. Rxb8 Rxb8 23. Nxd7 Qxd7 24. Ba3 Rb3 25. Qc1 Qf7 26. Bxc5 Bxc5 27. Qxc5 g6 28. d6 Rxd3 29. Qc8+ Kg7 30. Bxf5 Qxf5 31. Re7+ Kf6 32. Qf8# 1-0